| 000 | 00643nam a2200229Ia 4500 | ||
|---|---|---|---|
| 003 | OSt | ||
| 005 | 20230608110007.0 | ||
| 008 | 210423s2002 xx 000 0 und d | ||
| 020 | _a9788184500738 | ||
| 040 | _cAL | ||
| 041 | _aeng | ||
| 082 |
_a361.3 _223 _bBHAS |
||
| 100 |
_aBHATTACHARYA (Sanjay) _9122340 |
||
| 245 | _aSocial work interventions and management | ||
| 260 |
_aNew Delhi _bDeep and deep publication _c2002 |
||
| 300 |
_axxix,286 _bHB |
||
| 365 |
_b232 _cINR |
||
| 650 |
_aSocial Problems & Services _9122341 |
||
| 650 |
_aSocial Work _9122342 |
||
| 906 | _ainterventions ; management ; Social ; work | ||
| 942 |
_2ddc _cBK |
||
| 999 |
_c175227 _d175227 |
||